ARRUPE JESUIT UNIVERSITY

CORONAVIRUS -STOP THE SPREAD - CLEAN,DISINFECT,COVER

Prophets of the hood : (Record no. 118437)

MARC details
000 -LEADER
fixed length control field 01710pam a22003374a 4500
001 - CONTROL NUMBER
control field 13612566
003 - CONTROL NUMBER IDENTIFIER
control field ARRUPE
005 - DATE AND TIME OF LATEST TRANSACTION
control field 20131023172752.0
008 - FIXED-LENGTH DATA ELEMENTS--GENERAL INFORMATION
fixed length control field 040603s2004 ncu b 001 0 eng
010 ## - LIBRARY OF CONGRESS CONTROL NUMBER
LC control number 2004013136
020 ## - INTERNATIONAL STANDARD BOOK NUMBER
International Standard Book Number 0822334356 (cloth : alk. paper)
020 ## - INTERNATIONAL STANDARD BOOK NUMBER
International Standard Book Number 0822334461 (pbk. : alk. paper)
035 ## - SYSTEM CONTROL NUMBER
System control number (OCoLC)ocm55624544
040 ## - CATALOGING SOURCE
Original cataloging agency DLC
Transcribing agency DLC
Modifying agency YDX
-- DLC
042 ## - AUTHENTICATION CODE
Authentication code pcc
050 00 - LIBRARY OF CONGRESS CALL NUMBER
Classification number ML3531
Item number .P47 2004
082 00 - DEWEY DECIMAL CLASSIFICATION NUMBER
Classification number 782.421649
Edition number 22
300 ## - PHYSICAL DESCRIPTION
Dimensions 24 cm.
100 1# - MAIN ENTRY--PERSONAL NAME
Personal name Perry, Imani,
Dates associated with a name 1972-
9 (RLIN) 2907
245 10 - TITLE STATEMENT
Title Prophets of the hood :
Remainder of title politics and poetics in hip hop /
Statement of responsibility, etc Imani Perry.
260 ## - PUBLICATION, DISTRIBUTION, ETC. (IMPRINT)
Place of publication, distribution, etc Durham :
Name of publisher, distributor, etc Duke University Press,
Date of publication, distribution, etc 2004.
300 ## - PHYSICAL DESCRIPTION
Extent x, 236 p. ;
504 ## - BIBLIOGRAPHY, ETC. NOTE
Bibliography, etc Includes bibliographical references and index.
505 0# - FORMATTED CONTENTS NOTE
Formatted contents note Hip hop's mama : originalism and identity in the music -- My mic sound nice : art, community, and consciousness -- Stinging like Tobasco : structure and format in hip hop compositions -- The glorious outlaw : hip hop narratives, American law and the court of public opinion -- B-boys, players and preachers : reading masculinity -- The venus hip hop and the pink ghetto : negotiating spaces for women -- Bling bling-- and going pop : consumerism and co-optation in hip hop.
650 #0 - SUBJECT ADDED ENTRY--TOPICAL TERM
Topical term or geographic name as entry element Rap (Music)
General subdivision History and criticism.
9 (RLIN) 2908
650 #0 - SUBJECT ADDED ENTRY--TOPICAL TERM
Topical term or geographic name as entry element Rap (Music)
General subdivision Political aspects.
9 (RLIN) 2909
650 #0 - SUBJECT ADDED ENTRY--TOPICAL TERM
Topical term or geographic name as entry element Hip-hop
General subdivision Social aspects.
9 (RLIN) 2910
856 41 - ELECTRONIC LOCATION AND ACCESS
Materials specified Table of contents
Uniform Resource Identifier <a href="http://www.loc.gov/catdir/toc/ecip0418/2004013136.html">http://www.loc.gov/catdir/toc/ecip0418/2004013136.html</a>
906 ## - LOCAL DATA ELEMENT F, LDF (RLIN)
a 7
b cbc
c orignew
d 1
e ecip
f 20
g y-gencatlg
942 ## - ADDED ENTRY ELEMENTS (KOHA)
Source of classification or shelving scheme Library of Congress Classification
Koha item type Monograph ( Printed materials)
Holdings
Withdrawn status Lost status Source of classification or shelving scheme Damaged status Not for loan Home library Current library Date acquired Total Checkouts Full call number Barcode Date last seen Price effective from Koha item type
    Library of Congress Classification     ARRUPE LIBRARY ARRUPE LIBRARY 23/10/2013   ML3534 .P47 2004 46411635 03/07/2018 23/10/2013 Monograph ( Printed materials)

 

Arrupe Library. PO Box MP320 Mt Pleasant, Harare, Zimbabwe
263 242 745411|librarian@aju.ac.zw